<?xml version="1.0" encoding="UTF-8"?>
<marc:record xmlns:marc="http://www.loc.gov/MARC21/slim">
   <marc:leader>00000nam a2200000 a 4500</marc:leader>
   <marc:datafield ind1="1" ind2=" " tag="100">
      <marc:subfield code="a">Brosche, Heidemarie</marc:subfield>
      <marc:subfield code="4">ctb</marc:subfield>
      <marc:subfield code="e">Mitwirkende/-r</marc:subfield>
   </marc:datafield>
   <marc:datafield ind1="1" ind2=" " tag="100">
      <marc:subfield code="a">Anastasova, Anna</marc:subfield>
      <marc:subfield code="4">ctb</marc:subfield>
      <marc:subfield code="e">Mitwirkende/-r</marc:subfield>
   </marc:datafield>
   <marc:datafield ind1=" " ind2=" " tag="653">
      <marc:subfield code="a">Selbstachtung</marc:subfield>
   </marc:datafield>
   <marc:datafield ind1=" " ind2=" " tag="653">
      <marc:subfield code="a">Softcover / Kinder- und Jugendbücher/Bilderbücher</marc:subfield>
   </marc:datafield>
   <marc:datafield ind1=" " ind2=" " tag="653">
      <marc:subfield code="a">Bilderbuch</marc:subfield>
   </marc:datafield>
   <marc:datafield ind1="0" ind2="0" tag="245">
      <marc:subfield code="a">Die Fliege-Ziege</marc:subfield>
   </marc:datafield>
   <marc:datafield ind1="0" ind2="0" tag="245">
      <marc:subfield code="b">eine Geschichte</marc:subfield>
   </marc:datafield>
   <marc:datafield ind1="0" ind2="0" tag="245">
      <marc:subfield code="c">von Heidemarie Brosche. Mit Bildern von Anna Anastasova</marc:subfield>
   </marc:datafield>
   <marc:datafield ind1=" " ind2="1" tag="264">
      <marc:subfield code="a">Zürich</marc:subfield>
      <marc:subfield code="b">Atlantis</marc:subfield>
      <marc:subfield code="c">2010</marc:subfield>
   </marc:datafield>
   <marc:datafield ind1="1" ind2=" " tag="520">
      <marc:subfield code="a">Angaben aus der Verlagsmeldung

Fliege-Ziege / von Heidemarie Brosche

Eine fliegende Ziege? Das gab es noch nie. Jetzt aber fliegt ein Zicklein übers Tal. - »Angeberin«, rufen die anderen Ziegen und spielen nicht mehr mit ihr.
So steht die Fliege-Ziege unvermutet vor der Frage: Fliegen oder Freunde? Sie will zur Herde gehören, doch das Verdrängen ihrer Fähigkeit setzt ihr auch zu. Eines Nachts fliegt sie wieder los ... und rettet die Ziegenherde vor dem Nachtvogel. Jetzt hätte die Fliege-Ziege gute Gründe, vom Fliegen zu schwärmen, aber sie kennt bessere Wege ...Nicht jeder, der eine besondere Begabung hat, ist ein An geber. Und auch mit jemandem, der anders ist, lässt sich gut spielen. Witzige Szenen und eine Ziege in ungeahnten Situationen ergeben eine Geschichte, die Kindern Mut macht, ihr Selbst zu achten.
</marc:subfield>
   </marc:datafield>
   <marc:datafield ind1=" " ind2=" " tag="020">
      <marc:subfield code="a">9783715206004</marc:subfield>
      <marc:subfield code="9">9783715206004</marc:subfield>
   </marc:datafield>
   <marc:datafield ind1=" " ind2=" " tag="300">
      <marc:subfield code="a">26] S.</marc:subfield>
   </marc:datafield>
</marc:record>
